000 00763nam a2200229 a 4500
999 _c11962
_d11962
001 11962
003 BD-JhCC
005 20210228100032.0
008 210228b20002015bg |||| ||a| 001 0 mul d
020 _a9789848812778
035 _a(BD-JhCC)11962
040 _aBD-JhCC
_dBD-JhCC
041 _amul
082 _a001.6424
_bHAB 2015
100 _aহাবিব, সরদার তারেক
245 _a C ল্যাংগুয়েজ কমপ্লিট রেফারেন্স /
_c সরদার তারেক হাবিব
260 _aঢাকা:
_bজ্ঞানকোষ প্রকাশনী;
_c২০১৫.
300 _a756
_c24 cm.
650 _aC (Computer program language)
942 _2ddc
_cBK